| 000 | 00876nam a2200301Ia 4500 | ||
|---|---|---|---|
| 008 | 160803s9999 xx 000 0 und d | ||
| 020 | _a978-0439668217 | ||
| 100 | _aPhilbrick, Rodman | ||
| 245 | 4 | _aThe mostly true adventures of Homer P. Figg / | |
| 245 | _cRodman Philbrick. | ||
| 250 | _aLiterature Circle edition. | ||
| 260 | _aNew York : | ||
| 260 | _bScholastic Inc. | ||
| 260 | _c2009 | ||
| 300 | _a220 pages ; | ||
| 300 | _c20 cm | ||
| 500 | _a"An American Library Association notable book"--Back cover. | ||
| 650 | _aAdventure and adventurers -- | ||
| 650 | _aAdventure stories. | ||
| 650 | _aBrothers -- | ||
| 650 | _aOrphans -- | ||
| 650 | _aUnited States -- History -- Civil War, 1861-1865 -- | ||
| 650 | _xFiction. | ||
| 650 | _xJuvenile fiction. | ||
| 650 | _xJuvenile fiction. | ||
| 650 | _xJuvenile fiction. | ||
| 700 | _a950 | ||
| 999 |
_c298287 _d298287 |
||